000 00764nam a2200253Ia 4500
003 OSt
005 20221005092015.0
006 a|||||r|||| 00| 0
007 ta
008 221004b |||||||| |||| 00| 0 eng d
020 _a9781586485191 (hbk)
_c1830.40
024 _a100927
037 _b3766, 26/03/2010, Bharat Scientific Syndicate
_cTextual
040 _aCRL
_cCRL
_beng
041 _2eng
_aeng
082 _aV2y7N13, P7
100 _aBlack Conrad
_913618
245 0 _aRichard m.nixon
_b A life in full
260 _aNew York
_bPublicaffairs USA
_c2007
300 _ax,1152p.
_ccm.
650 _aHISTORY
942 _hV2y7N13, P7
_cTEXL
_2cc
999 _c998144
_d998144